000 00738cam a22002531 4500
001 29965
003 BD-RjUL
005 20211209051505.0
008 140408s1966 nbu b 000 0 eng d
035 _a(BD-RjUL)30050
040 _aDLC
_cODaWU
_dOCoLC
_dDLC
_dBD-RjUL
_beng
041 _aeng
082 0 0 _a302.2
_bGOG 1966
100 1 _aGorman, Margaret.
_991178
245 1 0 _aGeneral semantics and contemporary Thomism /
_cby Margaret Gorman
260 _aLincoln :
_bUniversity of Nebraska Press,
_c1966.
300 _axv,195 p. ;
_c20cm.
504 _aBibliography: p. 176-195.
650 0 _aGeneral semantics.
_95248
700 1 _aHayakawa, S.I.
_991192
942 _2ddc
_cBK
999 _c29965
_d29965